000
00314 a2200145 4500
001
45593
020
_a
8570263449
040
_c
Anchieta - Aquarius
240
1
0
_a
Enciclopédia Barsa
_l
por
245
1
0
_a
Enciclopédia Barsa
300
_a
512
362
0
_a
1994
650
4
_a
Espanholas e portuguesas
942
_c
BK
999
_c
45593
_d
45593